000
00338nam a2200145Ia 4500
008
191201s2010 xx 000 0 und d
082
_a
658.827
_b
MAB
100
_a
MATHUR,U.C
245
0
_a
Brand Management Text and Cases
250
_a
Rep
260
_a
N.Delhi
_b
Macmillan
_c
2010
300
_a
173
650
_a
MBA
942
_2
ddc
_c
BK
_0
1
999
_c
5312
_d
5312